Παρασκηνιακές αφηγήσεις, λαμπερά σενάρια : απεικονίσεις από δύο χαράκτες : Θάνος Τσιούσης, Αριστέα Χαρωνίτη : 5-20 Μαρτίου 2020, TAF-The Art Foundation

Αποθηκεύτηκε σε:
Λεπτομέρειες βιβλιογραφικής εγγραφής
Άλλοι συγγραφείς: Καταγά, Μαργαρίτα (curf), Χαρωνίτη, Αριστέα
Μορφή: Βιβλίο
Γλώσσα:Greek
English
Δημοσίευση: [Αθήνα] : The Art Foundation, 2020.
Θέματα:
Ετικέτες: Προσθήκη ετικέτας
Δεν υπάρχουν, Καταχωρήστε ετικέτα πρώτοι!

MARC

LEADER 00000nam a2200000 a 4500
001 1/127068
008 230720s2020####gr | ||| |||| ||gre||
040 |a GR-MyUa  |b gre  |c GR-MyUa  |e AACR2 
041 0 |a gre  |a eng 
082 7 |a 700.922   |2 (23) 
245 0 0 |a Παρασκηνιακές αφηγήσεις, λαμπερά σενάρια :   |b απεικονίσεις από δύο χαράκτες : Θάνος Τσιούσης, Αριστέα Χαρωνίτη : 5-20 Μαρτίου 2020, TAF-The Art Foundation /   |c σχεδιασμός και κείμενο καταλόγου: Αριστέα Χαρωνίτη ; μετάφραση κειμένου: Χαράλαμπος Κεϊβανίδης ; συντονισμός έκθεσης: Μαργαρίτα Καταγά. 
260 |a [Αθήνα] :   |b The Art Foundation,   |c 2020. 
300 |a 8 [φύλλα] :   |b εικ. ;   |c 29 εκ. 
600 1 7 |2 nlgaf  |a Τσιούσης, Θάνος. 
600 1 7 |2 nlgaf  |a Χαρωνίτη, Αριστέα. 
650 0 |a Printmakers  |z Greece  |x Exhibitions. 
700 1 |a Καταγά, Μαργαρίτα,  |e curf 
700 1 |2 nlgaf  |a Χαρωνίτη, Αριστέα. 
852 |a INST  |b SYROS  |e 20230719  |h 700.922 ΠΑΡ  |p 005500016087  |q 005500016087  |t BK  |y 0 
970 |a Κοντού  |b Παρασκευή  |z 20/07/2023